Sorption and desorption of Cd2+ and Zn2+ ions in apatite-aqueous systems /
Gorde:
| Egile nagusia: | |
|---|---|
| Beste egile batzuk: | , |
| Formatua: | Artikulua |
| Hizkuntza: | English |
| Gaiak: | |
| Etiketak: |
Etiketa erantsi
Etiketarik gabe, Izan zaitez lehena erregistro honi etiketa jartzen!
|
| Thư viện lưu trữ: | Thư viện Trường Đại học Đà Lạt |
|---|
| LEADER | 00996nam a2200337 4500 | ||
|---|---|---|---|
| 001 | DLU090095064 | ||
| 005 | ##20091201 | ||
| 040 | # | # | |a DLU |b eng |
| 041 | # | # | |a eng |
| 044 | # | # | |a us |
| 100 | # | # | |a Peld, Merike. |
| 245 | # | # | |a Sorption and desorption of Cd2+ and Zn2+ ions in apatite-aqueous systems / |c Merike Peld, Kaia Tonsuaadu, Villem Bender. |
| 653 | # | # | |a Adsorption |
| 653 | # | # | |a Decontamination |
| 653 | # | # | |a Heavy metal |
| 653 | # | # | |a Immobilization |
| 653 | # | # | |a Ion exchange |
| 653 | # | # | |a Reaction mechanism |
| 653 | # | # | |a Sediments |
| 700 | # | # | |a Bender, Villem. |
| 700 | # | # | |a Tonsuaadu, Kaia. |
| 773 | # | # | |t Environmental Science & Technology |g Vol. 38, no. 21 (November 2004), p. 5626-5631 |
| 920 | # | # | |a Phòng Tạp chí -- Trung tâm Thông tin - Thư viện Trường Đại học Đà Lạt |
| 994 | # | # | |a DLU |
| 900 | # | # | |a True |
| 911 | # | # | |a Trương Bảo Trâm Anh |
| 925 | # | # | |a G |
| 926 | # | # | |a A |
| 927 | # | # | |a BB |
| 980 | # | # | |a Thư viện Trường Đại học Đà Lạt |